| 000 | 00807nam a2200229Ii 4500 | ||
|---|---|---|---|
| 003 | JO-AjNU | ||
| 008 | 230605s9999||||xx |||||||||||||| ||und|| | ||
| 017 | _a2010/11/4189 | ||
| 020 | _a978-9957-544-21-8 | ||
| 040 |
_aJO-AjNU _bara _erda _cJO-AjNU |
||
| 041 | _aara | ||
| 050 | 1 | 4 | _aHF5415 .123.A7282.2011 |
| 100 | 3 |
_aعرفة،سيد سالم, _eauthor _934076 |
|
| 245 | 0 | 0 | _aنظم المعلومات التسويقية=Marketing Information Systems |
| 250 | _aط1 | ||
| 264 | 3 | 1 | _aعمان:دار الراية للنشر والتوزيع؛2011 |
| 300 |
_a254ص _bيحتوي على ببلوغرافية من ص249-254ص |
||
| 336 |
_atext _btxt _2rdacontent |
||
| 337 |
_aunmediated _bn _2rdamedia |
||
| 338 |
_avolume _bnc _2rdacarrier |
||
| 650 | 4 |
_aالتسويق-ادارة مبيعات _934077 |
|
| 999 |
_aA13933 _c17501 _d17501 |
||